| 000 | 01011pam a2200313 a 4500 | ||
|---|---|---|---|
| 001 | 4833583 | ||
| 005 | 20161015154054.0 | ||
| 008 | 900829s1991 caua 001 0 eng c | ||
| 010 | _a 90014392 | ||
| 020 | _a0-8053-5389-5 | ||
| 040 |
_aNLM/DLC _cDLC _dDLC |
||
| 050 | 0 | 0 |
_aQP34.5 _b.M455 1991 |
| 060 | _aQS 4 M334e | ||
| 082 | 0 | 0 |
_aDC 612 _22003 _bM33e |
| 100 |
_aMarieb, Elaine Nicpon, _916338 |
||
| 245 | 1 | 0 |
_aEssentials of human anatomy & physiology / _cElaine N. Marieb. |
| 250 | _aSeventh Edition | ||
| 260 |
_aSan Francisco : _bBenjamin/Cummings Pub. Co., _cc2003. |
||
| 300 |
_av, 414 pages : _billustrations; _c28 cm. |
||
| 440 | 4 | _aThe Benjamin/Cummings series in human anatomy and physiology | |
| 650 | 0 | _aHuman physiology. | |
| 650 | 0 | _aHuman anatomy. | |
| 650 | 2 | _aAnatomy. | |
| 650 | 2 | _aPhysiology. | |
| 740 | 0 | _aEssentials of human anatomy and physiology. | |
| 906 |
_a7 _bcbc _corignew _d1 _eocip _f19 _gy-gencatlg |
||
| 942 |
_2ddc _cDC |
||
| 999 |
_c5275 _d5275 |
||